Sports Quiz

Random Sports or Football Quiz

Colleges with Most Football All-Americans, 1965-present Quiz Stats

 Plays Quiz not verified by Sporcle

Challenge
Share
Tweet
Embed
Score 0/40 Timer 10:00
0 Plays Today
Schools % Correct
USC
96.7%
Alabama
96.1%
Texas
96%
Florida
95.9%
Michigan
95.8%
Ohio State
95.4%
Oklahoma
94.7%
Florida State
92.9%
Notre Dame
92%
Miami (FL)
91.2%
Georgia
89.8%
UCLA
89.6%
Penn State
89.2%
LSU
88.7%
Nebraska
88%
Michigan State
87.5%
Auburn
85.9%
Tennessee
85.3%
Washington
85.3%
Texas A&M
84.9%
Schools % Correct
Wisconsin
82%
Arizona
81.9%
Iowa
81.2%
Virginia
80.4%
Oklahoma State
80.2%
California
79.8%
North Carolina
79.7%
Stanford
79.3%
Arkansas
78.1%
Arizona State
78%
Clemson
76.6%
Colorado
75.8%
Kansas State
74%
Texas Tech
73.3%
Pittsburgh
72.4%
Missouri
72%
West Virginia
68.1%
BYU
65.5%
Purdue
64.7%
Southern Methodist
51.6%

You're not logged in!

Compare scores with friends on all Sporcle quizzes.
Join for Free
OR
Log In

You Might Also Like...

Show Comments

Extras

Top Quizzes Today


Score Distribution

Your Account Isn't Verified!

In order to create a playlist on Sporcle, you need to verify the email address you used during registration. Go to your Sporcle Settings to finish the process.

Report this User

Report this user for behavior that violates our Community Guidelines.

Details: